Canonical ridge and econometrics of joint production (Registro nro. 26058)
[ vista simple ]
| 000 -LEADER | |
|---|---|
| fixed length control field | 00335 a2200109 4500 |
| 001 - CONTROL NUMBER | |
| control field | ART_12054 |
| 005 - DATE AND TIME OF LATEST TRANSACTION | |
| control field | 20260410161902.0 |
| 008 - FIXED-LENGTH DATA ELEMENTS--GENERAL INFORMATION | |
| fixed length control field | 260409a |
| 100 1# - MAIN ENTRY--PERSONAL NAME | |
| Personal name | Vinod, H.D. |
| 245 10 - TITLE STATEMENT | |
| Title | Canonical ridge and econometrics of joint production |
| 773 0# - HOST ITEM ENTRY | |
| Title | Journal of econometrics |
| Related parts | - Vol. 4, Nº 2 (may. 1976) |
| Record control number | REV11720 |
No hay ítems disponibles.